000 00647nam a2200205Ia 4500
008 0000001983 is a 0000000000eng00
020 _a933516940
090 _aPRU00 P76m
100 1 _aProvoyeur, Pierre
245 1 0 _aMarc Chagall
_b: biblical interpretations
_c/ curator Pierre Provoyeur
300 _a259 p.
_c/ 37 cm.
500 _aDonación Sr León Caridi (20080115)
600 0 0 _aCHAGALL, MARC, 18871985/
_xTRABAJOS PICTORICOS
650 1 4 _aARTE MODERNO RUSO
650 1 4 _aBIBLIA EN EL ARTE
650 1 4 _xCATALOGOS
650 1 4 _aPINTORES RUSOS
650 1 4 _aPINTURA RUSA
999 _c8747
_d8747
260 _aJerusalen: Steimatzky
_c1983